000 01084nam a22002777a 4500
005 20240903151529.0
010 _a1617EN ENG-119607 B-663882 ENG-141600
020 _a9788123020891
_c300.00
020 _a9788123032405
_c225.00
035 _aB-647728-734
035 _aEN-103139
035 _aEN-125132
035 _aB-663882
037 _b Book well
_adpl
082 _a324.954
245 _aBelief in the ballot:
_b101 human stories from Indian elections/
_cEdited by Harini Srinivasan [and] Anuj Sharma
260 _a Delhi
_bPublication Division
_c2016
270 _aGovernment Of India,Soochna Bhawan,CGO Complex,Lodhi Road.
_bNew Delhi
_e110003
300 _a238p.
_c24cm(pbk)
_bcol.
300 _a213p.
_c24cm(pbk)
_bcol.
490 _vVol 1, Vol 2
700 _aSrinivasan, Harini
_eEditor
_970920
700 _aSharma ,Anuj
_eEditor
_970921
942 _2ddc
_cEN
_h324.954
_mBEL
999 _c102249
_d102249